000 00694nas a2200253 4500
001 BR2015005251
003 BR-BrBNA
005 20231205125746.0
007 ta
008 230509b bl.|||p| |||| 00| 00por d
040 _aBR-BrBNA
_bpor
_cBiblioteca Nacional de Agricultura
041 _a(Pt)
072 _aQ60
100 1 _aChies, V.
245 1 _aMicrorganismos e biorrefinarias
650 _aMICRORGANISMO
650 _aBIOMASSA
650 _aINDUSTRIA
650 _aREFINARIA
650 _aPRODUCAO
773 0 _tAgroenergia em revista (Brazil)
_xISSN 2238-1023
_g(Dec 2012), v. 3(5) p. 46-47
_wBR2015005251
909 _a202311
_bLúcia
_c55
_dLúcia Elande
942 _2AGRIS
_n0
_cANA
999 _c245978
_d245978